Ark Survival Evolved : All ragnarok creatures - Statistics

General Stats
  • This quiz has been taken 51 times
  • The average score is 4 of 7
Answer Stats
Hint Answer % Correct
A new version of the deathworm Iceworm
88%
Dive bombing mystical bird Griffin
79%
The boss version of the rock elemental Lava Elemental
67%
A new version of the dragon family Ice Wyvern
64%
A new version of the dire bear Polar Bear
58%
The boss version of above Iceworm Queen
33%
Small aquatic creature that can collect silica pearls Otter
33%
No matching quizzes found
Score Distribution
Percent of People with Each Score
Percentile by Number Answered
Your Score History
You have not taken this quiz